000 00656nam a2200253Ia 4500
001 Para_3505
003 CHAP
008 220125s[199 xx 000 0 und d
010 _a204638
040 _cCHAP
082 _aPA-C 631 M3
245 _aLa raza Hereford /
_c R.C.P.
260 _a[s.l.] :
_b [s.n.]
300 _a7 h.
500 _aEncuadernado con: Progresos en el mejoramiento de la manzana/ J. R. Magnes
650 _aGanado Hereford
_945131
901 _aPA-C 631 M3
902 _aA
905 _a000000[19--] [SL 0000000000 00
910 _a[19-
942 _cPARA
942 _cPARA
_d1
999 _c204638
_d204638